| 000 | 00590nam a2200181Ia 4500 | ||
|---|---|---|---|
| 008 | 210719s2020 xx 000 0 und d | ||
| 020 | _a978-93-5357-860-2 | ||
| 041 | _aeng | ||
| 082 | _a591.51 LENE | ||
| 100 | _aLENIN (Janaki) | ||
| 245 | _aEvery creature has a story:what science reveals about animal behaviour | ||
| 260 |
_aUttar Pradesh _bHarper & Collins Publishers _c2020 |
||
| 300 |
_a282 _bHB |
||
| 365 |
_b599 _cRs |
||
| 650 | _aAnimal Behaviour | ||
| 650 | _aAnimal Behaviour | ||
| 906 | _aabout ; animal ; behaviour ; creature ; Every ; has ; reveals ; science ; story:what | ||
| 999 |
_c211806 _d211806 |
||